Empirical study of approach to sustainability management and reporting in the Czech and Slovak Republic
Poskytnutie informácií o rozdieloch a podobnostiach českých a slovenských spoločností v oblasti porozumenia, riadenia a vykazovania problémov súvisiacich s trvalou udržateľnosťou. Analýza výsledkov z dotazníkového prieskumu zozbieraných od veľkých spoločností v rôznych odvietviach priemyslu. Porovna...
Salvato in:
| Autore principale: | |
|---|---|
| Altri autori: | , |
| Natura: | Capitolo di libro |
| Lingua: | inglese |
| Soggetti: | |
| Tags: |
Nessun Tag, puoi essere il primo ad aggiungerne!!
|
MARC
| LEADER | 00000nla a2200000 4500 | ||
|---|---|---|---|
| 001 | 0227537 | ||
| 005 | 20250227111214.7 | ||
| 041 | 0 | |a eng | |
| 044 | |a CH | ||
| 245 | 1 | 0 | |a Empirical study of approach to sustainability management and reporting in the Czech and Slovak Republic |c Petr Petera, Jaroslav Wagner, Renáta Pakšiová |
| 520 | |a Poskytnutie informácií o rozdieloch a podobnostiach českých a slovenských spoločností v oblasti porozumenia, riadenia a vykazovania problémov súvisiacich s trvalou udržateľnosťou. Analýza výsledkov z dotazníkového prieskumu zozbieraných od veľkých spoločností v rôznych odvietviach priemyslu. Porovnanie a výsledky. | ||
| 610 | 2 | 0 | |a rozvoj trvalo udržateľný |
| 610 | 2 | 0 | |a firmy |
| 610 | 2 | 0 | |a dotazníky |
| 610 | 2 | 0 | |a porovnanie štatistické medzinárodné |
| 100 | 1 | |a Petera, Petr | |
| 700 | 1 | |a Wagner, Jaroslav | |
| 700 | 1 | |a Pakšiová, Renáta, 1974- | |